[Event "1st Spanish League"]
[Site "Linares"]
[Date "2017.08.19"]
[Round "6"]
[White "Adla, Diego"]
[Black "Tejedor Fuente, Enrique"]
[Result "1/2-1/2"]
[WhiteTitle "IM"]
[BlackTitle "FM"]
[WhiteElo "2394"]
[BlackElo "2361"]
[Board "2"]
[WhiteCountry "ARG"]
[WhiteFideId "100072"]
[BlackCountry "ESP"]
[BlackFideId "2299100"]
[WhiteEloChange "-1"]
[BlackEloChange "1"]

1. c4 Nf6 2. Nf3 c5 3. d4 d5 4. cxd5 cxd4 5. Qxd4 Qxd5 6. Nc3 Qxd4 7. Nxd4
a6 8. g3 e5 9. Nb3 Bd7 10. Bg2 Bc6 11. O-O Bb4 12. Bd2 Bxg2 13. Kxg2 Nc6
14. a3 Bxc3 15. Bxc3 O-O-O 16. Rfc1 Kb8 17. Nc5 Nd7 18. Nd3 f6 19. a4 Nb6
20. b3 Nd5 21. Ra2 Rd6 22. Be1 Nd4 23. b4 Rc8 24. Rxc8+ Kxc8 25. e3 Ne6 26.
Rc2+ Ndc7 27. Rc3 Kd7 28. Kf1 b6 29. Ke2 Nd5 30. Rc1 e4 31. Nf4 Ndxf4+ 32.
gxf4 g5 33. fxg5 Nxg5 34. a5 bxa5 35. bxa5 Nf3 36. Rc5 Rc6 37. Rh5 Rc1 38.
Bb4 Rc2+ 39. Kd1 Rxf2 40. Rxh7+ Kc6 41. h4 Ne5 42. Be1 Rf3 43. Ke2 Ng4 44.
Bd2 Rf2+ 45. Kd1 Rh2 46. h5 f5 47. Ra7 Kb5 48. Rb7+ Kc4 49. Rc7+ Kb3 50.
Rb7+ Kc4 51. Rc7+ Kb5 52. Rb7+ Kc5 53. Rc7+ Kd5 54. Rd7+ Ke5 55. Re7+ Kd6
56. Ra7 Rxh5 57. Rxa6+ Kc5 58. Ra7 Rh1+ 59. Ke2 Rh2+ 60. Kd1 Rh1+ 61. Ke2
Ne5 62. Rc7+ Kb5 63. Rb7+ Ka6 64. Rb6+ Ka7 65. Rb5 Nc4 66. Be1 Rh2+ 67. Bf2
f4 68. Rb4 f3+ 69. Kd1 Rxf2 70. Rxc4 Ra2 71. Ke1 Re2+ 72. Kf1 Rxe3 73. Ra4
Ka6 74. Kf2 Re2+ 75. Kf1 Re3 76. Kf2 Re2+ 77. Kf1 e3 78. Ra3 Rf2+ 79. Ke1
Re2+ 80. Kf1 Kb7 81. Rb3+ Ka7 82. Rc3 Ka8 83. Rb3 Ka7 84. Rc3 Kb7 85. Rb3+
Kc6 86. a6 Rf2+ 87. Ke1 Re2+ 88. Kf1 Ra2 89. Rxe3 Rxa6 90. Re6+ Kb5 91.
Rxa6 Kxa6 92. Kf2 Kb5 93. Kxf3 1/2-1/2

[Event "1st Spanish League"]
[Site "Linares"]
[Date "2017.08.19"]
[Round "6"]
[White "Gonzalez Laso, Adrian"]
[Black "Villuendas Valero, Adrian"]
[Result "1-0"]
[BlackTitle "FM"]
[WhiteElo "2210"]
[BlackElo "2298"]
[Board "3"]
[WhiteCountry "ESP"]
[WhiteFideId "22223860"]
[BlackCountry "ESP"]
[BlackFideId "2262460"]
[WhiteEloChange "12"]
[BlackEloChange "-12"]

1. e4 e6 2. d4 d5 3. Nc3 Nf6 4. Bg5 Be7 5. e5 Nfd7 6. h4 O-O 7. Bd3 c5 8.
Qh5 g6 9. Qh6 cxd4 10. Nf3 Nxe5 11. Nxe5 dxc3 12. bxc3 Nc6 13. Nxg6 fxg6
14. Bxg6 hxg6 15. Qxg6+ Kh8 16. Rh3 Rf5 17. Rg3 Rf8 18. Rh3 Qc7 1-0

[Event "1st Spanish League"]
[Site "Linares"]
[Date "2017.08.19"]
[Round "6"]
[White "Chueca Lorente, Javier"]
[Black "Pozueta Alegria, Adrian"]
[Result "1/2-1/2"]
[WhiteElo "2103"]
[BlackElo "2186"]
[Board "4"]
[WhiteCountry "ESP"]
[WhiteFideId "22216405"]
[BlackCountry "ESP"]
[BlackFideId "22201173"]
[WhiteEloChange "2"]
[BlackEloChange "-2"]

1. e4 e6 2. d4 d5 3. Nd2 c5 4. exd5 exd5 5. dxc5 Bxc5 6. Ngf3 Nf6 7. Bb5+
Nc6 8. Qe2+ Be6 9. Nb3 Bb6 10. Nbd4 Qc8 11. Nxe6 Qxe6 12. O-O Qxe2 13. Bxe2
O-O 14. Bf4 Ne4 15. Rad1 Rfd8 16. c3 h6 17. Nd4 Nxd4 18. cxd4 Rac8 19. Bc1
Rc6 20. Bb5 Rcc8 21. Rfe1 a6 22. Bf1 Kf8 23. Be3 Ba5 24. Re2 Rc6 25. g3 g5
26. Bh3 Kg7 27. f3 Nd6 28. f4 Ne4 29. Bf5 Nd6 30. Bh3 Kg6 31. fxg5 hxg5 32.
Bg2 Nf5 33. Bf2 Re6 34. Re5 Ne7 35. g4 Kf6 36. Bg3 Rxe5 37. Bxe5+ Ke6 38.
Rf1 Ng8 39. Bg3 f6 40. h4 Bb6 41. Re1+ Kf7 42. hxg5 Bxd4+ 43. Kh2 fxg5 44.
Rd1 Bxb2 45. Rxd5 Re8 46. Rxg5 Nf6 47. Rf5 Kg6 48. Rf4 Be5 49. Rc4 Kg5 50.
Bxe5 Rxe5 51. Bxb7 Nxg4+ 52. Kg3 Re3+ 53. Kg2 Ra3 54. Rc5+ Kh4 55. Bxa6
Rxa2+ 56. Kf3 Rxa6 57. Rc7 Nf6 58. Rc4+ Kg5 59. Rc5+ Kg6 60. Kf4 Ra4+ 61.
Kf3 Nd7 62. Rd5 Nf8 63. Rb5 Kf6 64. Rb6+ Ne6 65. Ke3 Ke5 66. Rb5+ Kd6 67.
Rh5 Nc7 68. Rh6+ Kc5 69. Rh5+ Nd5+ 70. Kd3 Ra3+ 71. Kd2 Rg3 72. Rh8 Kd4 73.
Rh4+ Ke5 74. Rh5+ Ke4 75. Rh4+ Ke5 76. Rh5+ Kd4 77. Rh4+ Kc5 78. Rh8 Rf3
79. Ra8 Nb6 80. Ra5+ Kd4 81. Rh5 Rf2+ 82. Ke1 Rb2 83. Rh4+ Kc5 84. Rh5+ Nd5
85. Rh8 Kd4 86. Re8 Nc3 87. Rd8+ Ke3 88. Re8+ Ne4 89. Kd1 Kd4 90. Rd8+ Kc4
91. Rc8+ Nc5 92. Rc6 Kd4 93. Rc8 Ne6 94. Rc2 Rb1+ 95. Ke2 Ke4 96. Kf2 Rb7
97. Rc4+ Nd4 98. Rc8 Rb2+ 99. Ke1 Ra2 100. Re8+ Kd3 101. Rd8 Re2+ 102. Kd1
Rd2+ 103. Ke1 Ra2 104. Rd7 Ke4 105. Re7+ Kf4 106. Rf7+ Nf5 1/2-1/2

[Event "1st Spanish League"]
[Site "Linares"]
[Date "2017.08.19"]
[Round "6"]
[White "Prado Acebo, Ines"]
[Black "Ortin Blanco, Ainhoa"]
[Result "1-0"]
[WhiteTitle "WFM"]
[WhiteElo "2107"]
[BlackElo "1961"]
[Board "5"]
[WhiteCountry "ESP"]
[WhiteFideId "22251235"]
[BlackCountry "ESP"]
[BlackFideId "32010117"]
[WhiteEloChange "6"]
[BlackEloChange "-6"]

1. d4 Nf6 2. c4 g6 3. Nc3 Bg7 4. e4 d6 5. Bg5 Nbd7 6. Bd3 c5 7. d5 Ne5 8.
Nge2 O-O 9. f4 Nxd3+ 10. Qxd3 a6 11. O-O Qc7 12. h3 Rb8 13. a4 Re8 14. Qf3
Bd7 15. e5 dxe5 16. fxe5 Qxe5 17. Bf4 Qh5 18. g4 Qh4 19. Bxb8 Rxb8 20. Qf4
Rf8 21. g5 Qxf4 22. Nxf4 Nh5 23. Nxh5 gxh5 24. Rf3 Bd4+ 25. Kh2 Kg7 26. Re1
Re8 27. b3 Kg6 28. Ne4 b6 29. Re2 Kg7 30. Ng3 Kg6 31. Rf1 h4 32. Ne4 Be5+
33. Kg2 Bb8 34. Ref2 Rf8 35. Rf3 Be5 36. Re1 Bd4 37. Rf4 Kh5 38. Nd2 Kxg5
39. Ree4 Bf6 40. Rxh4 Bf5 41. Ref4 Kg6 42. Rxh7 Kxh7 43. Rxf5 Kg6 44. Rf3
Be5 45. Rf2 Rh8 46. Re2 Bd6 47. Ne4 Bc7 48. a5 Rb8 49. axb6 Bxb6 50. Nd2
Rb7 51. Nf3 Ba5 52. Ra2 Bc3 53. Rxa6+ Kf5 54. Rc6 Bd4 55. d6 exd6 56. Rxd6
Rxb3 57. Rxd4 Rb2+ 58. Rd2 Rb3 59. Rf2 Rc3 60. Nd2+ Kg6 61. Rf3 Rc2 62. Rd3
f5 63. Kg3 Rc1 64. Rd5 Rg1+ 65. Kf2 Rh1 66. Kg2 Re1 67. Nf3 Re2+ 68. Kf1
Re3 69. Kf2 Rc3 70. Rxc5 f4 71. Rd5 Kf6 72. Rd4 Rc2+ 73. Nd2 Ke5 74. Rd5+
Ke6 75. h4 Rc3 76. h5 Rh3 77. Nf3 Kf6 78. c5 Rh1 79. Rd6+ Kg7 80. h6+ Kf7
81. c6 Rc1 82. Rd7+ Ke8 83. Nd4 Rc4 84. h7 1-0

[Event "1st Spanish League"]
[Site "Linares"]
[Date "2017.08.20"]
[Round "7"]
[White "Glavina, Pablo"]
[Black "Antipov, Mikhail Al."]
[Result "0-1"]
[WhiteTitle "IM"]
[BlackTitle "GM"]
[WhiteElo "2400"]
[BlackElo "2580"]
[Board "1"]
[WhiteCountry "ARG"]
[WhiteFideId "100234"]
[BlackCountry "RUS"]
[BlackFideId "4107012"]
[WhiteEloChange "-3"]
[BlackEloChange "3"]

1. d4 Nf6 2. c4 e6 3. g3 c5 4. d5 exd5 5. cxd5 d6 6. Nc3 g6 7. Nf3 Bg7 8.
Bg2 O-O 9. O-O Re8 10. Nd2 a6 11. a4 Nbd7 12. Qb3 Rb8 13. Nc4 Ne5 14. Nb6
Bf5 15. h3 Bc2 16. Qxc2 Qxb6 17. a5 Qc7 18. Nd1 b5 19. axb6 Qxb6 20. Ne3
Nh5 21. Kh2 f5 22. f4 Nf7 23. Ra3 Nf6 24. Nc4 Qb7 25. Rd1 Ne4 26. Rdd3 h5
27. Rab3 Qe7 28. Rxb8 Rxb8 29. Ra3 Re8 30. Rxa6 h4 31. g4 Ng3 32. gxf5 gxf5
33. e3 Qf6 34. Bd2 Qg6 35. Qd1 Kh7 36. Qf3 Ne4 37. Be1 Bf6 38. b3 Rb8 39.
Ra3 Kh8 40. Nd2 Bc3 41. Nxe4 Bxe1 42. Nf2 c4 43. bxc4 Qg3+ 44. Qxg3 hxg3+
45. Kxg3 Rb2 46. e4 Bxf2+ 47. Kf3 Bc5 48. Ra8+ Kg7 49. exf5 Nh6 50. Ra1
Rf2+ 51. Kg3 Nxf5+ 52. Kg4 Nh4 0-1

[Event "1st Spanish League"]
[Site "Linares"]
[Date "2017.08.20"]
[Round "7"]
[White "Perez Candelario, Manuel"]
[Black "Adla, Diego"]
[Result "1/2-1/2"]
[WhiteTitle "GM"]
[BlackTitle "IM"]
[WhiteElo "2586"]
[BlackElo "2394"]
[Board "2"]
[WhiteCountry "ESP"]
[WhiteFideId "2210622"]
[BlackCountry "ARG"]
[BlackFideId "100072"]
[WhiteEloChange "-3"]
[BlackEloChange "5"]

1. e4 c6 2. d4 d5 3. e5 Bf5 4. Nd2 e6 5. Nb3 Nd7 6. Nf3 h6 7. Be2 Ne7 8.
O-O Nc8 9. a4 Be7 10. a5 a6 11. Be3 Na7 12. Ne1 Rc8 13. f4 Nb5 14. g4 Be4
15. Nd3 Bxd3 16. Bxd3 c5 17. dxc5 Bxc5 18. Nxc5 Nxc5 19. Be2 Qc7 20. Bf3
Nd7 21. c3 O-O 22. Bg2 f6 23. exf6 Nxf6 24. Bb6 Qf7 25. g5 Ne4 26. gxh6
gxh6 27. f5 exf5 28. Kh1 Kh7 29. Rf4 Nbd6 30. Qf3 Qe6 31. Rh4 Rf6 32. Qf4
Rg8 33. Bh3 Ng5 34. Bg2 Nge4 35. Bh3 Ng5 36. Bg2 Nge4 37. Bh3 Ng5 1/2-1/2

[Event "1st Spanish League"]
[Site "Linares"]
[Date "2017.08.20"]
[Round "7"]
[White "Villuendas Valero, Adrian"]
[Black "Santos Latasa, Jaime"]
[Result "1/2-1/2"]
[WhiteTitle "FM"]
[BlackTitle "IM"]
[WhiteElo "2298"]
[BlackElo "2524"]
[Board "3"]
[WhiteCountry "ESP"]
[WhiteFideId "2262460"]
[BlackCountry "ESP"]
[BlackFideId "2293307"]
[WhiteEloChange "6"]
[BlackEloChange "-3"]

1. d4 e6 2. Nf3 c5 3. c3 Nf6 4. Bg5 h6 5. Bh4 Nc6 6. e3 Be7 7. Nbd2 b6 8.
Bd3 Bb7 9. O-O O-O 10. a3 d5 11. Ne5 Nxe5 12. dxe5 Nd7 13. Bg3 Qc8 14. Re1
c4 15. Bc2 Nc5 16. Nf3 Qd7 17. Nd4 f5 18. exf6 Bxf6 19. Qg4 e5 20. Bf5 Qe8
21. Ne6 Nxe6 22. Bxe6+ Kh8 23. f4 exf4 24. Bxf4 Bc8 25. Bxc8 Rxc8 26. Rad1
Qe4 27. Qf3 Qc2 28. Qe2 Qe4 29. Qf3 1/2-1/2

[Event "1st Spanish League"]
[Site "Linares"]
[Date "2017.08.20"]
[Round "7"]
[White "Moreno Tejera, Emilio"]
[Black "Roque Sola, Gisela"]
[Result "1-0"]
[WhiteTitle "IM"]
[BlackTitle "WFM"]
[WhiteElo "2426"]
[BlackElo "1975"]
[Board "4"]
[WhiteCountry "ESP"]
[WhiteFideId "2227584"]
[BlackCountry "MEX"]
[BlackFideId "5120241"]
[WhiteEloChange "1"]
[BlackEloChange "-2"]

1. e4 e6 2. d3 d5 3. Qe2 dxe4 4. dxe4 Nc6 5. c3 e5 6. Nf3 Nf6 7. b4 a6 8.
Nbd2 Bg4 9. h3 Bh5 10. g3 Be7 11. Bg2 O-O 12. O-O Qc8 13. a4 Rd8 14. Qc4
Qd7 15. Re1 Qd3 16. Qb3 Bxf3 17. Bxf3 b5 18. axb5 axb5 19. Rxa8 Rxa8 20.
Be2 Qd6 21. Bxb5 Nd8 22. Bf1 Rb8 23. Nc4 Qe6 24. Qa4 Qc6 25. Qc2 Qe6 26.
Ne3 g6 27. Rd1 Qc6 28. Nd5 Nxd5 29. exd5 Qf6 30. Qa4 c6 31. dxc6 Qxc6 32.
Rxd8+ 1-0

[Event "1st Spanish League"]
[Site "Linares"]
[Date "2017.08.20"]
[Round "7"]
[White "Ortin Blanco, Ainhoa"]
[Black "Hernandez Estevez, Yudania"]
[Result "0-1"]
[BlackTitle "WIM"]
[WhiteElo "1961"]
[BlackElo "2211"]
[Board "5"]
[WhiteCountry "ESP"]
[WhiteFideId "32010117"]
[BlackCountry "ESP"]
[BlackFideId "2219344"]
[WhiteEloChange "-4"]
[BlackEloChange "4"]

1. d4 d5 2. Nf3 Nf6 3. e3 c6 4. c4 a6 5. Nc3 Bf5 6. Qb3 Ra7 7. Nh4 Bc8 8.
cxd5 cxd5 9. Bd2 Nc6 10. Qd1 e5 11. dxe5 Nxe5 12. Nf3 Bd6 13. Be2 O-O 14.
O-O b5 15. a3 Rd7 16. Bc1 Bb7 17. h3 Re8 18. Nd4 Bb8 19. g3 Ne4 20. Nxe4
dxe4 21. Bd2 Qg5 22. Kh2 Rd6 23. Qe1 Rh6 24. Rh1 Nd3 25. Bxd3 exd3 26. f3
Rg6 27. Rg1 h5 28. e4 Qf6 29. Be3 h4 30. Nf5 hxg3+ 31. Kh1 Rxe4 32. fxe4
Bxe4+ 33. Rg2 Qxf5 34. Qd2 Qxh3+ 35. Kg1 Qh2+ 36. Kf1 Bxg2+ 37. Qxg2 Rf6+
0-1

[Event "1st Spanish League"]
[Site "Linares"]
[Date "2017.08.20"]
[Round "7"]
[White "Van Kampen, Robin"]
[Black "Martin Fuentes, Alberto"]
[Result "1-0"]
[WhiteTitle "GM"]
[BlackTitle "FM"]
[WhiteElo "2643"]
[BlackElo "2405"]
[Board "1"]
[WhiteCountry "NED"]
[WhiteFideId "1020854"]
[BlackCountry "ESP"]
[BlackFideId "2292289"]
[WhiteEloChange "2"]
[BlackEloChange "-2"]

1. Nf3 Nf6 2. d4 c5 3. d5 b5 4. Bg5 Ne4 5. Bh4 Bb7 6. a4 Qa5+ 7. Nbd2 Bxd5
8. axb5 Qc7 9. Nxe4 Bxe4 10. Nd2 Bb7 11. e4 d6 12. Bc4 e6 13. Ra3 Be7 14.
Bxe7 Qxe7 15. Qa1 O-O 16. O-O d5 17. exd5 exd5 18. Re1 Qc7 19. Bf1 Nd7 20.
Nb3 Qb6 21. Na5 Nf6 22. Re7 Bc8 23. Nc6 a6 24. Re1 Kh8 25. Ne7 a5 26. Nxc8
Rfxc8 27. c4 d4 28. Qa2 Ra7 29. g3 g6 30. Ra1 Ng4 31. Bh3 f5 32. Rxa5 Rxa5
33. Qxa5 Qxa5 34. Rxa5 Ne5 35. Bf1 d3 36. b3 Rd8 37. Ra1 d2 38. Rd1 Nf3+
39. Kg2 Ne1+ 40. Kh1 Rd6 41. b4 cxb4 42. c5 Rd5 43. b6 Nd3 44. Bxd3 Rxd3
45. b7 1-0

[Event "1st Spanish League"]
[Site "Linares"]
[Date "2017.08.20"]
[Round "7"]
[White "Martinez Duany, Lelys Stanley"]
[Black "Pozueta Alegria, Adrian"]
[Result "1-0"]
[WhiteTitle "GM"]
[WhiteElo "2510"]
[BlackElo "2186"]
[Board "3"]
[WhiteCountry "CUB"]
[WhiteFideId "3504727"]
[BlackCountry "ESP"]
[BlackFideId "22201173"]
[WhiteEloChange "1"]
[BlackEloChange "-3"]

1. Nf3 Nf6 2. c4 e6 3. g3 Be7 4. Bg2 O-O 5. O-O d5 6. b3 c5 7. Bb2 dxc4 8.
bxc4 Qc7 9. Be5 Qa5 10. d3 Nc6 11. Bc3 Qc7 12. Nbd2 Rd8 13. Rb1 a6 14. Qb3
Rb8 15. a4 b6 16. Qb2 Ne8 17. Ne5 Nxe5 18. Bxe5 Bd6 19. Bc3 Bd7 20. Ne4 f6
21. Qa1 Bc6 22. Rb3 Be7 23. Rfb1 Bd7 24. Qb2 Bxa4 25. Rxb6 Rxb6 26. Qxb6
Qxb6 27. Rxb6 f5 28. Rxe6 fxe4 29. Rxe7 exd3 30. Bd5+ Kh8 31. exd3 Bc2 32.
Rf7 1-0

[Event "1st Spanish League"]
[Site "Linares"]
[Date "2017.08.20"]
[Round "7"]
[White "Garcia Perez, Javier"]
[Black "Alonso Alvarez, Aitor"]
[Result "0-1"]
[WhiteElo "2102"]
[BlackElo "2286"]
[Board "4"]
[WhiteCountry "ESP"]
[WhiteFideId "22238751"]
[BlackCountry "ESP"]
[BlackFideId "2257050"]
[WhiteEloChange "-5"]
[BlackEloChange "5"]

1. e4 c5 2. Nc3 Nc6 3. Bb5 Na5 4. Nf3 a6 5. Be2 b5 6. a3 e6 7. d4 cxd4 8.
Nxd4 Bb7 9. O-O Qc7 10. Bf3 Nc4 11. Re1 d6 12. b3 Ne5 13. Bb2 Nf6 14. Be2
Be7 15. f4 Ned7 16. Bf3 O-O 17. Kh1 Rfd8 18. e5 dxe5 19. fxe5 Bxf3 20. Qxf3
Nxe5 21. Qg3 Bd6 22. Ncxb5 axb5 23. Nxb5 Neg4 24. Nxc7 Bxg3 25. hxg3 Rac8
26. Bxf6 gxf6 27. Nb5 Rc5 28. c4 Rd2 29. Nc3 Rd3 30. Rac1 Rxg3 31. Re2 f5
32. Rb2 Re5 33. Ne2 Rge3 34. Rcc2 f4 35. c5 f3 36. gxf3 Rxf3 37. Nd4 Rf1+
38. Kg2 Ne3+ 39. Kh2 Rh5+ 40. Kg3 Rg5+ 41. Kh2 Rf4 42. Nf3 Rxf3 43. c6 Nf1+
44. Kh1 Rh3+ 0-1

[Event "1st Spanish League"]
[Site "Linares"]
[Date "2017.08.20"]
[Round "7"]
[White "Vega Gutierrez, Belinda"]
[Black "Prado Acebo, Ines"]
[Result "0-1"]
[WhiteTitle "WIM"]
[BlackTitle "WFM"]
[WhiteElo "2178"]
[BlackElo "2107"]
[Board "5"]
[WhiteCountry "ESP"]
[WhiteFideId "2229994"]
[BlackCountry "ESP"]
[BlackFideId "22251235"]
[WhiteEloChange "-12"]
[BlackEloChange "12"]

1. e4 e6 2. d4 d5 3. Nc3 Bb4 4. Bd2 c5 5. exd5 cxd4 6. Nb5 Bxd2+ 7. Qxd2 a6
8. Nxd4 Qxd5 9. Ngf3 Ne7 10. c4 Qe4+ 11. Be2 e5 12. Nc2 Nbc6 13. O-O Bf5
14. Ne3 Rd8 15. Qe1 O-O 16. Bd1 Qf4 17. g3 Qe4 18. Nh4 Bh3 19. f3 Qd4 20.
Rf2 Be6 21. Bb3 Qc5 22. a3 Rd3 23. Nd5 Rxb3 24. Qd1 Rxb2 0-1

[Event "1st Spanish League"]
[Site "Linares"]
[Date "2017.08.20"]
[Round "7"]
[White "Granda Zuniga, Julio E"]
[Black "Anton Guijarro, David"]
[Result "0-1"]
[WhiteTitle "GM"]
[BlackTitle "GM"]
[WhiteElo "2662"]
[BlackElo "2654"]
[Board "1"]
[WhiteCountry "PER"]
[WhiteFideId "3800024"]
[BlackCountry "ESP"]
[BlackFideId "2285525"]
[WhiteEloChange "-5"]
[BlackEloChange "5"]

1. c4 e5 2. g3 Nc6 3. Bg2 Nf6 4. Nc3 Bb4 5. Nd5 Bc5 6. Nf3 d6 7. O-O O-O 8.
d3 Nxd5 9. cxd5 Nd4 10. Nxd4 exd4 11. f4 g6 12. Bd2 Re8 13. b4 Bb6 14. a4
a5 15. b5 Bg4 16. Rf2 Qd7 17. Qf1 f5 18. Ra2 Re7 19. Qd1 Rae8 20. Bc1 Bc5
21. Bf1 h6 22. Rc2 Rg7 23. Bb2 Qf7 24. Qa1 Qf6 25. h3 Bh5 26. e4 b6 27. Bg2
g5 28. fxg5 Qxg5 29. Rxf5 Qe3+ 30. Rcf2 Be2 31. g4 Qxd3 32. Qe1 Qd1 33.
Qxd1 Bxd1 34. Bc1 d3 35. Bxh6 Rh7 36. Bd2 Bxa4 37. Bc3 Bxf2+ 38. Kxf2 Bd1
39. Ke3 Be2 40. Kd2 a4 41. g5 a3 42. Rf6 a2 43. g6 Rh6 44. h4 Re5 45. Bh3
Rxh4 46. Be6+ Kg7 47. Rf7+ Kxg6 48. Rxc7 Rh1 49. Bf5+ Kg5 50. Ra7 Kf4 51.
Bxe5+ dxe5 52. Rxa2 Rd1+ 53. Kc3 Ke3 54. d6 d2 0-1

[Event "1st Spanish League"]
[Site "Linares"]
[Date "2017.08.20"]
[Round "7"]
[White "Martin Duque, Jesus"]
[Black "Almagro Llamas, Pablo"]
[Result "1-0"]
[WhiteTitle "FM"]
[BlackTitle "IM"]
[WhiteElo "2386"]
[BlackElo "2466"]
[Board "3"]
[WhiteCountry "ESP"]
[WhiteFideId "2208954"]
[BlackCountry "ESP"]
[BlackFideId "2221799"]
[WhiteEloChange "12"]
[BlackEloChange "-6"]

1. e4 c6 2. d4 d5 3. e5 Bf5 4. Be3 e6 5. Nd2 Ne7 6. c3 Bg6 7. f4 Nf5 8. Bf2
h5 9. Ndf3 Nd7 10. Bd3 Be7 11. Ne2 h4 12. O-O Bh5 13. Nc1 Nf8 14. Be2 g5
15. Nd3 Ng6 16. fxg5 Bxg5 17. Nfe1 Bxe2 18. Qxe2 Nf4 19. Qf3 Nh5 20. Qg4
Qe7 21. Nf3 Be3 22. Rae1 Bxf2+ 23. Rxf2 O-O-O 24. Qg5 Qc7 25. Qc1 Rdg8 26.
Ng5 Qe7 27. Nh3 Rg4 28. Ndf4 Nxf4 29. Rxf4 Rg7 30. b4 Kb8 31. Rf2 Rhg8 32.
a4 Rg4 33. Ree2 Qf8 34. Rf4 Qh6 35. Qd2 Qh5 36. Rxg4 Qxg4 37. Qd3 Qh5 38.
Rf2 Qh6 39. Rf4 Qf8 40. a5 Qd8 41. Qe2 b6 42. axb6 axb6 43. Rg4 Kb7 44.
Rxg8 Qxg8 45. Qh5 c5 46. bxc5 bxc5 47. dxc5 Qf8 48. Nf2 Kc6 49. Nd3 Kb5 50.
Qg4 d4 51. cxd4 Qh6 52. Qe2 Nxd4 53. Qe4 Nc6 54. Qe1 Kc4 55. Qe4+ Kb5 56.
Qe2 Nd4 57. Qe4 Nc6 58. h3 Qd2 59. Kh2 Qc3 60. Qe2 Kc4 61. Nf2+ Kb4 62.
Qe4+ Kb5 63. Qe2+ Ka5 64. Qa2+ Kb4 65. Qb1+ Ka3 66. Qd3 Qxd3 67. Nxd3 Kb3
68. g3 hxg3+ 69. Kxg3 Kc4 70. h4 1-0

[Event "1st Spanish League"]
[Site "Linares"]
[Date "2017.08.20"]
[Round "7"]
[White "Vazquez Torres, Adrian"]
[Black "Ortega Ruiz, Jose Miguel"]
[Result "0-1"]
[BlackTitle "FM"]
[WhiteElo "2198"]
[BlackElo "2263"]
[Board "4"]
[WhiteCountry "ESP"]
[WhiteFideId "2297230"]
[BlackCountry "ESP"]
[BlackFideId "2209713"]
[WhiteEloChange "-8"]
[BlackEloChange "8"]

1. e4 e5 2. Nf3 Nc6 3. Bb5 a6 4. Ba4 Nf6 5. O-O b5 6. Bb3 Be7 7. a4 Bb7 8.
d3 O-O 9. Re1 d6 10. c3 Na5 11. Ba2 c5 12. Nbd2 Qc7 13. Nf1 c4 14. Ng3 Nd7
15. dxc4 bxc4 16. Nd2 g6 17. Qg4 Bc8 18. Qe2 Nb6 19. Ndf1 Be6 20. Bh6 Rfb8
21. Bb1 Nb3 22. Ra2 Nc5 23. a5 Nbd7 24. Ne3 Nd3 25. Rf1 N7c5 26. Nd5 Bxd5
27. exd5 f5 28. b4 cxb3 29. Rd2 Nf4 30. Qf3 Bf6 31. h4 Na4 32. Bxf5 gxf5
33. Nxf5 b2 34. Qg4+ Kh8 35. Bg5 Bxg5 36. Qxg5 Nh3+ 0-1

[Event "1st Spanish League"]
[Site "Linares"]
[Date "2017.08.20"]
[Round "7"]
[White "Collazo Hidalgo-Gato, Niala"]
[Black "Rodrigo Yanguas, Maria"]
[Result "1-0"]
[WhiteTitle "WIM"]
[BlackTitle "WFM"]
[WhiteElo "2198"]
[BlackElo "2076"]
[Board "5"]
[WhiteCountry "ESP"]
[WhiteFideId "3504476"]
[BlackCountry "ESP"]
[BlackFideId "2281201"]
[WhiteEloChange "7"]
[BlackEloChange "-7"]

1. e4 e6 2. d4 d5 3. Nc3 Nf6 4. e5 Nfd7 5. Nf3 c5 6. dxc5 Nc6 7. Bf4 Nxc5
8. Bd3 Be7 9. h4 h6 10. Qe2 Qb6 11. O-O-O Bd7 12. Kb1 a6 13. Rhe1 O-O-O 14.
Be3 Qc7 15. Bd4 Nxd4 16. Nxd4 Bxh4 17. g3 Be7 18. Qf3 Rdf8 19. Nf5 exf5 20.
Nxd5 Qd8 21. Bxf5 Bxf5 22. Qxf5+ Kb8 23. a4 g6 24. Qf3 Bg5 25. Qa3 Qc8 26.
b4 Nd7 27. g4 Bd8 28. Re3 Nb6 29. Rc3 Qe6 30. Nxb6 Bxb6 31. Rd6 Qxg4 32.
Rxb6 g5 33. b5 axb5 34. Qd6+ Ka8 35. axb5 1-0

[Event "1st Spanish League"]
[Site "Linares"]
[Date "2017.08.20"]
[Round "7"]
[White "Nikolov, Momchil"]
[Black "Bruzon Batista, Lazaro"]
[Result "1/2-1/2"]
[WhiteTitle "GM"]
[BlackTitle "GM"]
[WhiteElo "2585"]
[BlackElo "2643"]
[Board "1"]
[WhiteCountry "BUL"]
[WhiteFideId "2905710"]
[BlackCountry "CUB"]
[BlackFideId "3503739"]
[WhiteEloChange "1"]
[BlackEloChange "-1"]

1. d4 Nf6 2. c4 e6 3. Nc3 Bb4 4. Qc2 O-O 5. a3 Bxc3+ 6. Qxc3 d6 7. Nf3 Nbd7
8. g3 a5 9. b3 b6 10. Bg2 Bb7 11. O-O Qe7 12. Bb2 c5 13. Rfd1 Rfd8 14. Rac1
Rac8 15. Qe3 Ng4 16. Qc3 Ngf6 17. Qe3 Ng4 18. Qf4 Ngf6 19. dxc5 Nxc5 20.
Bxf6 Qxf6 21. Qxf6 gxf6 22. Nd4 Bxg2 23. Kxg2 a4 24. b4 Nb3 25. Rc3 Nxd4
26. Rxd4 f5 27. Rcd3 Kf8 28. Rxd6 Rxd6 29. Rxd6 Rxc4 30. Rxb6 Rc3 31. Ra6
Rxa3 32. b5 Rb3 33. Rxa4 Rxb5 34. e3 1/2-1/2

[Event "1st Spanish League"]
[Site "Linares"]
[Date "2017.08.20"]
[Round "7"]
[White "Cordova, Emilio"]
[Black "Oliva Castaneda, Kevel"]
[Result "1/2-1/2"]
[WhiteTitle "GM"]
[BlackTitle "IM"]
[WhiteElo "2629"]
[BlackElo "2497"]
[Board "2"]
[WhiteCountry "PER"]
[WhiteFideId "3801497"]
[BlackCountry "CUB"]
[BlackFideId "3500799"]
[WhiteEloChange "-2"]
[BlackEloChange "2"]

1. Nf3 c5 2. c4 Nc6 3. Nc3 g6 4. e3 Nf6 5. d4 cxd4 6. exd4 d5 7. cxd5 Nxd5
8. Qb3 Nxc3 9. Bc4 Nd5 10. Bxd5 e6 11. Bxc6+ bxc6 12. O-O Qd5 13. Be3 f6
14. Rfc1 Bd6 15. Nd2 Kf7 16. Qc2 Rd8 17. Qxc6 Bb7 18. Qxd5 Bxd5 19. f3 Rab8
20. b3 Rbc8 21. Nc4 Be7 22. Rc2 Rc6 23. Rac1 Ra6 24. Nd2 g5 25. Kf2 Ba3 26.
Rc7+ Kg6 27. R1c2 Bd6 28. R7c3 h5 29. h3 Bb4 30. Rc7 Bd6 31. R7c3 1/2-1/2

[Event "1st Spanish League"]
[Site "Linares"]
[Date "2017.08.20"]
[Round "7"]
[White "Granero Roca, Antonio"]
[Black "Volkov, Sergey"]
[Result "0-1"]
[WhiteTitle "IM"]
[BlackTitle "GM"]
[WhiteElo "2392"]
[BlackElo "2637"]
[Board "3"]
[WhiteCountry "ESP"]
[WhiteFideId "2210509"]
[BlackCountry "RUS"]
[BlackFideId "4122763"]
[WhiteEloChange "-4"]
[BlackEloChange "2"]

1. d4 d5 2. c4 c6 3. Nf3 Nf6 4. e3 Bf5 5. Nc3 e6 6. Nh4 Bg6 7. Nxg6 hxg6 8.
g3 Nbd7 9. Qb3 Rb8 10. Bg2 Be7 11. O-O O-O 12. Rd1 b5 13. c5 e5 14. Ne2 Qc7
15. a4 b4 16. a5 Rfe8 17. Bd2 Rb5 18. Nc1 Ne4 19. Bxe4 dxe4 20. Qc4 exd4
21. exd4 Nf6 22. Re1 Qd7 23. Bg5 Nd5 24. Bxe7 Rxe7 25. a6 Rb8 26. Nb3 Rbe8
27. Re2 g5 28. Rae1 Qh3 29. Nd2 f5 30. Qb3 g4 31. Nc4 f4 0-1